000 00326nam a2200121Ia 4500
008 220120s9999||||xx |||||||||||||| ||und||
020 _a9788177584240
100 _aChandrashekaraiah, D.S
245 0 _aEngineering mathematics IV
260 _aPrisam books
_bNew Delhi
_c2005
300 _axxvi;1026
_b615
650 _aHUMANITIES
999 _c132519
_d132519